Statistics for Κομμουνιστικές Χώρες Κουίζ

Click here to take the quiz!

General Stats

  • This quiz has been taken 187 times
  • The average score is 10 of 26

Answer Stats

ΧρονολογίαΧώρα% Correct
1949 - σήμεραΚίνα
90%
1948 - 2009Βόρεια Κορέα
72%
1922 - 1991Σοβιετική Ένωση
71%
1947 - 1989Ρουμανία
68%
1946 - 1990Βουλγαρία
67%
1946 - 1992Αλβανία
65%
1959 - σήμεραΚούβα
65%
1944 - 1989Πολωνία
62%
1976 - σήμεραΒιετνάμ
54%
1945 - 1991Γιουγκοσλαβία
53%
1949 - 1989Ουγγαρία
49%
1948 - 1990Τσεχοσλοβακία
43%
1975 - σήμεραΛάος
37%
1949 - 1990Ανατολική Γερμανία
37%
1924 - 1992Μογγολία
36%
1979 - 1989Καμπότζη
31%
1978 - 1992Αφγανιστάν
26%
1975 - 1992Ανγκόλα
22%
1970 - 1991Δημοκρατία του Κονγκό
17%
1987 - 1991Αιθιοπία
16%
1969 - 1991Σομαλία
12%
1975 - 1990Μοζαμβίκη
10%
1975 - 1990Μπενίν
4%
1967 - 1990Νότια Υεμένη
4%
1979 - 1983Γρενάδα
3%
1945 - 1976Βόρειο Βιετνάμ
3%

Score Distribution

Percentile by Number Answered

Percent of People with Each Score

Your Score History

You have not taken this quiz